ბათუმის შოთა რუსთაველის სახელმწიფო უნივერსიტეტის ბიბლიოთეკა

ვისრამიანი (ბიბ.ჩანაწერი № 50936)

000 -LEADER
fixed length control field 00632nam a2200193Ia 4500
001 - CONTROL NUMBER
control field 17892
003 - CONTROL NUMBER IDENTIFIER
control field GE_BSU
008 - FIXED-LENGTH DATA ELEMENTS--GENERAL INFORMATION
fixed length control field 181216s||||||||xx |||||||||||||| ||und||
040 ## - CATALOGING SOURCE
Transcribing agency GE_BSU
080 ## - UNIVERSAL DECIMAL CLASSIFICATION NUMBER
Universal Decimal Classification number 821.222.1-31
245 ## - TITLE STATEMENT
Title ვისრამიანი
245 ## - TITLE STATEMENT
Statement of responsibility, etc. ა. გვახარიას და მ. თოდუას რედ. ; [ილ: ლ. გუდიაშვილი].
260 ## - PUBLICATION, DISTRIBUTION, ETC.
Place of publication, distribution, etc. თბილისი
260 ## - PUBLICATION, DISTRIBUTION, ETC.
Name of publisher, distributor, etc. ლიტერატურა და ხელოვნება
260 ## - PUBLICATION, DISTRIBUTION, ETC.
Date of publication, distribution, etc. [1964]
300 ## - PHYSICAL DESCRIPTION
Extent 339გვ. ; 21სმ.
653 ## - INDEX TERM--UNCONTROLLED
Uncontrolled term ვისრამიანი
942 ## - ADDED ENTRY ELEMENTS (KOHA)
Koha item type წიგნი
ეგზემპლარები
Withdrawn status Lost status Damaged status Not for loan Date acquired Barcode Date last seen Price effective from Koha item type
        2018-12-17 22120 2018-12-17 2018-12-17 წიგნი
        2018-12-17 22121 2018-12-17 2018-12-17 წიგნი
        2018-12-17 22122 2018-12-17 2018-12-17 წიგნი